=LDR 00000nam 2200000 4500 =001 INLIS000000000053480 =005 20181018015420 =035 ##$$a 0010-1018000095 =245 1#$$a ECONUMISMATIC : $b (ecologycal numismatika) /$c KEMENTERIAN NEGARA LINGKUNGAN HIDUP =100 #$$a KEMENTERIAN NEGARA LINGKUNGAN HIDUP =250 ##$$a Ed. 1 =300 ##$$a 93 : $b Ilus ; $c 22x23 cm =260 ##$$a Jakarta :$b KEMENTERIAN NEGARA LINGKUNGAN HIDUP,$c 2008 =082 ##$$a 769.5 =084 ##$$a 769.5 KEM e =020 ##$$a 978-602-835-03-3 =650 ##$$a Filateli